Train / (Record no. 112410)
[ view plain ]
| 000 -LEADER | |
|---|---|
| fixed length control field | 00581nam a2200145 a 4500 |
| 005 - DATE AND TIME OF LATEST TRANSACTION | |
| control field | 20140414131935.0 |
| 008 - FIXED-LENGTH DATA ELEMENTS--GENERAL INFORMATION | |
| fixed length control field | 110119s19uu xx 00 eng d |
| 050 ## - LIBRARY OF CONGRESS CALL NUMBER | |
| Classification number | REF 625.1 |
| Item number | C63 2000 |
| 100 ## - MAIN ENTRY--PERSONAL NAME | |
| Personal name | Coiley, John. |
| 245 ## - TITLE STATEMENT | |
| Title | Train / |
| Statement of responsibility, etc | written by John Coiley ; [special photography, Mike Dunning]. |
| 260 ## - PUBLICATION, DISTRIBUTION, ETC. (IMPRINT) | |
| Place of publication, distribution, etc | New York : |
| Name of publisher, distributor, etc | Dorling Kindersley, |
| Date of publication, distribution, etc | 2000. |
| 520 ## - SUMMARY, ETC. | |
| Summary, etc | Traces the development of railways from the first Babylonian rutways to the electromagnetic, driverless trains of today and describes how trains are built and operated. |
| 650 ## - SUBJECT ADDED ENTRY--TOPICAL TERM | |
| Topical term or geographic name as entry element | Railroads. |
| Withdrawn status | Lost status | Damaged status | Home library | Current library | Shelving location | Date acquired | Total Checkouts | Full call number | Barcode | Date last seen | Price effective from | Koha item type |
|---|---|---|---|---|---|---|---|---|---|---|---|---|
| Munich Library | Munich Library | Reference Section | 01/19/2011 | REF 625.1 C63 2000 | M3702 | 04/14/2014 | 04/14/2014 | Books |